Statistics for States with a Bottle Deposit

Click here to take the quiz!

General Stats

  • This quiz has been taken 7 times
  • The average score is 10 of 11

Answer Stats

Date enacted:Answer% Correct
1987California
100%
1980Connecticut
100%
1982, repealed in 2010Delaware
100%
2002Hawaii
100%
1982Massachusetts
100%
1976Michigan
100%
1982New York
100%
1978Maine
80%
1971Oregon
80%
1973Vermont
80%
1978Iowa
60%

Score Distribution

Percentile by Number Answered

Percent of People with Each Score

Your Score History

You have not taken this quiz